Central Library OPAC University of Rajshahi

Turkestan down to the Mongol invasion / (Record no. 27453)

MARC details
000 -LEADER
fixed length control field 01068cam a22003252a 4500
001 - CONTROL NUMBER
control field 27453
003 - CONTROL NUMBER IDENTIFIER
rucl marc code BD-RjUL
005 - DATE AND TIME OF LATEST TRANSACTION
control field 20211209051145.0
008 - FIXED-LENGTH DATA ELEMENTS--GENERAL INFORMATION
fixed length control field 140325t1928 enkb 001 0 eng d
035 ## - SYSTEM CONTROL NUMBER
System control number (BD-RjUL)27527
040 ## - CATALOGING SOURCE
Original cataloging agency DLC
Transcribing agency CLE
Modifying agency OCL
-- EQO
-- BD-RjUL
Language of cataloging eng
041 1# - LANGUAGE CODE
Language code of text/sound track or separate title engrus
082 04 - DEWEY DECIMAL CLASSIFICATION NUMBER
Classification number 958.4
Author mark and year BAT 1928
100 1# - MAIN ENTRY--PERSONAL NAME
Personal name Bartolʹd, V. V.
Fuller form of name (Vasiliĭ Vladimirovich),
Dates associated with a name 1869-1930.
9 (RLIN) 69615
245 10 - TITLE STATEMENT
Title Turkestan down to the Mongol invasion /
Statement of responsibility, etc. by W. Barthold
250 ## - EDITION STATEMENT
Edition statement 2nd ed.,
260 ## - PUBLICATION, DISTRIBUTION, ETC. (IMPRINT)
Place of publication, distribution, etc. London :
Name of publisher, distributor, etc. Luzac & Co,
Date of publication, distribution, etc. 1928.
300 ## - PHYSICAL DESCRIPTION
Pagination xix, 513 p. :
Illustrations ill. ;
Size 25 cm
504 ## - BIBLIOGRAPHY, ETC. NOTE
Bibliography, etc includes index.
600 00 - SUBJECT ADDED ENTRY--PERSONAL NAME
Personal name Genghis Khan,
Dates associated with a name 1162-1227.
650 #0 - SUBJECT ADDED ENTRY--TOPICAL TERM
Topical term or geographic name as entry element Mongols
General subdivision History
9 (RLIN) 77940
651 #0 - SUBJECT ADDED ENTRY--GEOGRAPHIC NAME
Geographic name Asia, Central
General subdivision History
9 (RLIN) 69616
Geographic name Asia, Central
General subdivision Historical geography
9 (RLIN) 71243
Geographic name Asia, Central
9 (RLIN) 84333
700 1# - ADDED ENTRY--PERSONAL NAME
Personal name Gibb, H. A. R.
Fuller form of name (Hamilton Alexander Rosskeen),
Dates associated with a name 1895-1971.
830 #0 - SERIES ADDED ENTRY--UNIFORM TITLE
Volume number/sequential designation new ser., 5
830 #0 - SERIES ADDED ENTRY--UNIFORM TITLE
Uniform title "E.J.W. Gibb memorial" series ;
942 ## - ADDED ENTRY ELEMENTS (KOHA)
Source of classification or shelving scheme Dewey Decimal Classification
Koha item type Books
Holdings
Lost status Source of classification or shelving scheme Damaged status Not for loan Collection code Permanent Location Current Location Shelving location Date acquired Source of acquisition Cost, normal purchase price Total Checkouts Full call number Date last seen Copy number Koha item type
  Dewey Decimal Classification   Added to bundle Non-fiction Central Library, University of Rajshahi Central Library, University of Rajshahi Reading Room 26/03/1964 Zeitlinger 97.00   958.4 BAT 1928 25/03/2014 C-1 Books